Baby Goofy's missing mitten (Record no. 1337)

MARC details
000 -LEADER
fixed length control field 00526nam a22002057a 4500
005 - DATE AND TIME OF LATEST TRANSACTION
control field 20230818083634.0
040 ## - CATALOGING SOURCE
Original cataloging agency FISKH
Language of cataloging eng
Transcribing agency FISKH
Modifying agency FISKH
082 ## - DEWEY DECIMAL CLASSIFICATION NUMBER
Classification number 808.068
100 ## - MAIN ENTRY--PERSONAL NAME
Personal name Anonymous
245 ## - TITLE STATEMENT
Title Baby Goofy's missing mitten
260 ## - PUBLICATION, DISTRIBUTION, ETC.
Name of publisher, distributor, etc. Disney
Date of publication, distribution, etc. 1988
300 ## - PHYSICAL DESCRIPTION
Extent 6 unnumbered pages :
Dimensions 18 cm.
505 ## - FORMATTED CONTENTS NOTE
Formatted contents note D
520 ## - SUMMARY, ETC.
Summary, etc. This is "a book about matching."
521 ## - TARGET AUDIENCE NOTE
Target audience note 310 <br/>
Source Lexile estimate
521 ## - TARGET AUDIENCE NOTE
Target audience note D <br/>
Source Raz-Plus
942 ## - ADDED ENTRY ELEMENTS (KOHA)
Source of classification or shelving scheme Dewey Decimal Classification
Koha item type Books
Suppress in OPAC No
999 ## -
-- 1337
-- 1337
Holdings
Withdrawn status Lost status Source of classification or shelving scheme Damaged status Not for loan Collection Home library Current library Shelving location Date acquired Total Checkouts Full call number Barcode Date last seen Date last checked out Price effective from Koha item type
    Dewey Decimal Classification     Juvenile Fiction Footprints International School Library Network Toul Kork Campus Footprints International School Library Network Toul Kork Campus TK Primary Library Room(4th Floor), Bookcase 7, Shelves 57-60, Dark Green Books 08/18/2023 1 ANO Fic PZ7 FISBK07036 09/08/2023 08/31/2023 08/18/2023 Books